00520nam a22001337a 4500003000500000082000800005100002100013245013000034264003700164300003100201650005000232700004700282856005700329NUST a670 aUsman ,Muhammad  aStatistical analysis of process parameters during machining of Titanium alloy (Ti-6Al-4V) on shaper machine /cMuhammad Usman aIslamabad: bSMME- NUST. c2021. a65p. ;bSoft Copy, c30cm. aMS Design and Manufacturing Engineering  aSupervisor : Dr. Syed Husain Imran Jaffery uhttp://10.250.8.41:8080/xmlui/handle/123456789/25194